000 00817nam a2200265Ia 4500
005 20220317000945.0
008 160825s2007 sp g 000 0 spa
020 _a97884204812012
100 1 _aOnetti, Juan Carlos
_d1908-1994
245 1 0 _aCuentos completos
_cJuan Carlos Onetti
250 _a12a. edición
300 _a490 páginas
_c22 cm
500 _aColección de 47 cuentos
504 _aIncluye bibliografía
586 _aPremio Cervantes, 1980
650 1 4 _2LEMB
_aCuentos uruguayos
_ySiglo XX
650 1 4 _2LEMB
_aLiteratura uruguaya
_ySiglo XX
942 _2loc
_cBKLIT
264 _aMadrid
_bAlfaguara
_c2007
336 _atexto
_btxt
_2rdacontent
337 _asin mediación
_bn
_2rdamedia
338 _avolumen
_bnc
_2rdacarrier
040 _aCO-BoRNBP
_bspa
_erda
_cCO-BoRNBP
084 _aC ONE1
999 _c5512
_d5512